| 000 | 01917cam a2200433 a 4500 | ||
|---|---|---|---|
| 999 |
_c529818 _d529818 |
||
| 001 | 13507722 | ||
| 003 | NUST | ||
| 005 | 20191003125725.0 | ||
| 008 | 040302s2004 dcu bt 000 0deng d | ||
| 010 | _a 2004103180 | ||
| 020 | _a0309070058 (pbk.) | ||
| 035 | _a(OCoLC)ocm56204557 | ||
| 038 | _aMSOHAIL | ||
| 040 |
_aVXZ _cVXZ _dDAY _dDLC |
||
| 042 | _alccopycat | ||
| 043 | _an-us--- | ||
| 050 | 0 | 0 |
_aHE206.2 _b.C375 2004 |
| 082 | 0 | 0 |
_a355.772342130973 _222 |
| 100 | 1 |
_aCarr, William P. _922702 |
|
| 245 | 1 | 0 |
_aState product evaluation programs : _ba synthesis of highway practice / _cconsultant, William P. Carr. |
| 260 |
_aWashington, D.C. : _bTransportation Research Board, _c2004. |
||
| 300 |
_a35 p. ; _c28 cm. |
||
| 490 | 1 |
_aNCHRP synthesis, _x0547-5570 ; _v328 |
|
| 500 | _aAt head of title: National Cooperative Highway Research Program. | ||
| 500 | _a"Research sponsored by the American Association of State Highway and Transportation Officials in cooperation with the Federal Highway Administration." | ||
| 504 | _aIncludes bibliographical references (p. 26). | ||
| 530 | _aAlso available online (requires Adobe Acrobat Reader for viewing). | ||
| 650 | 0 |
_aTransportation _zUnited States _xPlanning. _921431 |
|
| 650 | 0 |
_aTransportation agencies _zUnited States _xEvaluation. _922703 |
|
| 710 | 2 |
_aNational Cooperative Highway Research Program. _920864 |
|
| 710 | 2 |
_aAmerican Association of State Highway and Transportation Officials. _919553 |
|
| 710 | 2 |
_aNational Research Council (U.S.). _bTransportation Research Board. _922704 |
|
| 830 | 0 |
_aSynthesis of highway practice ; _v328. _922705 |
|
| 856 | 4 | 1 | _uhttp://www.trb.org/publications/nchrp/nchrp_syn_328.pdf |
| 856 | 4 | 2 | _uhttp://www4.trb.org/trb/onlinepubs.nsf |
| 906 |
_a7 _bcbc _ccopycat _d2 _eepcn _f20 _gy-gencatlg |
||
| 942 |
_2ddc _cBK |
||